[Event "4NCL/Div1d/SAMS vs. NWE1"]
[Site "Staverton Park ENG"]
[Date "2009.05.04"]
[Round "11.8"]
[White "Morrison, Lynne"]
[Black "Hui, Zhu"]
[Result "1/2-1/2"]
[WhiteElo "1918"]
[BlackElo "1600"]
[PlyCount "104"]
[EventDate "2009.05.04"]
[EventType "team"]
[EventRounds "11"]
[EventCountry "ENG"]
[SourceDate "2008.10.04"]

1. d4 Nf6 2. Nf3 g6 3. Bg5 Bg7 4. c3 d6 5. Nbd2 O-O 6. e4 e5 7. dxe5 dxe5 8.
Nxe5 Qe8 9. Bxf6 Bxf6 10. Nef3 Nc6 11. Bb5 Bd7 12. O-O Rd8 13. Qc2 a6 14. Bc4
Be6 15. Bxe6 Qxe6 16. a3 Rd7 17. Rad1 Rfd8 18. Rfe1 Ne5 19. Nxe5 Qxe5 20. f3
Be7 21. Nb3 Bd6 22. g3 Qg5 23. Rd5 Qh6 24. e5 Bc5+ 25. Rxc5 Rd2 26. Nxd2 Rxd2
27. Qxd2 Qxd2 28. Re4 Qxb2 29. a4 a5 30. h4 Kg7 31. Kf1 c6 32. Rd4 Qh2 33. Rxa5
Qxg3 34. Ke2 b6 35. Ra6 Qxe5+ 36. Kf2 Qc5 37. Ra7 Qxc3 38. Rdd7 Qc4 39. Kg3 h6
40. Re7 g5 41. hxg5 hxg5 42. Red7 Qf4+ 43. Kg2 Kg6 44. Re7 c5 45. Reb7 g4 46.
fxg4 Qxg4+ 47. Kf2 Qd4+ 48. Ke2 Qc4+ 49. Kd2 Qa2+ 50. Kc3 Qa3+ 51. Kc2 Qa2+ 52.
Kc3 Qa3+ 1/2-1/2

[Event "4NCL/Div1d/CAMB1 vs. BAR2"]
[Site "Staverton Park ENG"]
[Date "2009.05.04"]
[Round "11.1"]
[White "Mah, Karl C C"]
[Black "Piper, Matthew S"]
[Result "1/2-1/2"]
[WhiteElo "2408"]
[BlackElo "2295"]
[PlyCount "85"]
[EventDate "2009.05.04"]
[EventType "team"]
[EventRounds "11"]
[EventCountry "ENG"]
[SourceDate "2008.10.04"]

1. Nf3 Nf6 2. g3 c5 3. c4 g6 4. Bg2 Bg7 5. O-O O-O 6. Nc3 Nc6 7. d4 cxd4 8.
Nxd4 Nxd4 9. Qxd4 d6 10. Rd1 a6 11. Qd3 Qc7 12. Bd2 Bd7 13. Rac1 Rac8 14. b3
Qb8 15. a4 Rfe8 16. Qe3 b6 17. Na2 Ng4 18. Qf3 Ne5 19. Qb7 a5 20. Qxb8 Rxb8 21.
Nc3 Bc6 22. Bxc6 Nxc6 23. Be3 Ne5 24. Rd5 Ng4 25. Bd2 Rec8 26. h3 Nf6 27. Rb5
Rc5 28. Be3 Rxb5 29. axb5 Kf8 30. Na4 Nd7 31. Kg2 Ke8 32. f4 Kd8 33. g4 Kc7 34.
Kf3 Rd8 35. Rd1 Rh8 36. Bf2 h5 37. g5 Re8 38. e4 Nc5 39. Nxc5 dxc5 40. f5 Rd8
41. Rxd8 Kxd8 42. Be1 Bd4 43. Bg3 1/2-1/2

[Event "4NCL/Div1d/CAMB1 vs. BAR2"]
[Site "Staverton Park ENG"]
[Date "2009.05.04"]
[Round "11.2"]
[White "Berry, Neil"]
[Black "Pinter, Gabor"]
[Result "1-0"]
[WhiteElo "2319"]
[BlackElo "2356"]
[PlyCount "33"]
[EventDate "2009.05.04"]
[EventType "team"]
[EventRounds "11"]
[EventCountry "ENG"]
[SourceDate "2008.10.04"]

1. d4 Nf6 2. c4 g6 3. Nc3 Bg7 4. e4 O-O 5. Nf3 d6 6. h3 c5 7. d5 Na6 8. Bd3 Nc7
9. O-O Rb8 10. Re1 a6 11. e5 dxe5 12. Nxe5 e6 13. Bf4 exd5 14. cxd5 Nd7 15. Nc4
b6 16. Bd6 Bb7 17. Be7 1-0

[Event "4NCL/Div1d/CAMB1 vs. BAR2"]
[Site "Staverton Park ENG"]
[Date "2009.05.04"]
[Round "11.3"]
[White "Dearing, Eddie"]
[Black "Rogers, Jonathan W"]
[Result "1-0"]
[WhiteElo "2394"]
[BlackElo "2337"]
[PlyCount "73"]
[EventDate "2009.05.04"]
[EventType "team"]
[EventRounds "11"]
[EventCountry "ENG"]
[SourceDate "2008.10.04"]

1. d4 e6 2. e4 c5 3. c3 d5 4. e5 Nc6 5. Nf3 Bd7 6. Be2 Qc7 7. O-O Nge7 8. Na3
Nf5 9. g4 Nh6 10. h3 a6 11. Bg5 Ng8 12. Nc2 cxd4 13. cxd4 Rc8 14. Bd3 Qb6 15.
b4 Nge7 16. a4 Ng6 17. b5 axb5 18. Bxb5 Be7 19. Bxe7 Ngxe7 20. Qd3 Ng6 21. Qa3
h5 22. g5 h4 23. Rfb1 Qd8 24. Ne3 Rh5 25. Ng2 Nce7 26. Bd3 Bc6 27. a5 Nf5 28.
Rc1 Rxg5 29. Nxg5 Qxg5 30. Bxf5 exf5 31. Qf3 Ra8 32. Rc5 Ra6 33. Kh2 Kf8 34.
Ne3 Nxe5 35. dxe5 Qe7 36. Rxd5 g6 37. Qf4 1-0

[Event "4NCL/Div1d/CAMB1 vs. BAR2"]
[Site "Staverton Park ENG"]
[Date "2009.05.04"]
[Round "11.5"]
[White "Churm, Rohan M"]
[Black "Hodgson, John H"]
[Result "0-1"]
[WhiteElo "2178"]
[BlackElo "2185"]
[PlyCount "108"]
[EventDate "2009.05.04"]
[EventType "team"]
[EventRounds "11"]
[EventCountry "ENG"]
[SourceDate "2008.10.04"]

1. e4 c5 2. Nc3 Nc6 3. g3 g6 4. Bg2 Bg7 5. d3 d6 6. Be3 Rb8 7. Qd2 b5 8. Nge2
Nd4 9. O-O b4 10. Nd1 e5 11. Nc1 Ne7 12. c3 bxc3 13. bxc3 Ne6 14. Nb3 f5 15. f3
O-O 16. c4 fxe4 17. fxe4 Rxf1+ 18. Kxf1 Nd4 19. Nc3 Rxb3 20. axb3 Nxb3 21. Qa2
Nxa1 22. Qxa1 Qf8+ 23. Ke1 Bh6 24. Bxh6 Qxh6 25. Qxa7 Qe3+ 26. Ne2 Bg4 27. Bf1
Kf7 28. Qa3 Nc6 29. Qc1 Qxd3 30. Nc3 Nb4 31. Bxd3 Nxd3+ 32. Kd2 Nxc1 33. Kxc1
Be6 34. Nb5 Ke7 35. Na3 Bd7 36. Kd2 Bc6 37. Kd3 Kd7 38. Nc2 Kc7 39. Ne3 Kb6 40.
Ng4 Ka5 41. Nf6 h5 42. Kc3 Ka4 43. h4 Ka3 44. Nh7 Bxe4 45. Ng5 d5 46. cxd5 Bxd5
47. Nh7 Be6 48. Nf8 Bf5 49. Nh7 e4 50. Ng5 Ka2 51. Kc4 Kb2 52. Kxc5 Kc3 53. Kd5
e3 54. Nf3 e2 0-1

[Event "4NCL/Div1d/CAMB1 vs. BAR2"]
[Site "Staverton Park ENG"]
[Date "2009.05.04"]
[Round "11.6"]
[White "Taylor, Peter"]
[Black "Pickard, Charles"]
[Result "0-1"]
[WhiteElo "2244"]
[BlackElo "2197"]
[PlyCount "104"]
[EventDate "2009.05.04"]
[EventType "team"]
[EventRounds "11"]
[EventCountry "ENG"]
[SourceDate "2008.10.04"]

1. d4 d5 2. Nf3 e6 3. c4 c5 4. cxd5 exd5 5. g3 Nc6 6. Bg2 Nf6 7. O-O Bg4 8. Be3
Qb6 9. dxc5 Bxc5 10. Bxc5 Qxc5 11. Nbd2 Bxf3 12. Bxf3 O-O 13. Nb3 Qb6 14. e3
Rfd8 15. Qe2 Ne5 16. Nd4 Rac8 17. Rac1 Rc4 18. Rc2 Nxf3+ 19. Nxf3 Rdc8 20. Rfc1
Qc5 21. Nd4 h5 22. b3 Rxc2 23. Qxc2 Qxc2 24. Rxc2 Rxc2 25. Nxc2 Kf8 26. f3 g6
27. Kf2 Ke7 28. Nd4 a6 29. Ke2 Kd6 30. b4 Nd7 31. f4 Nf6 32. Kd3 Ne4 33. Nf3 b6
34. Kd4 a5 35. bxa5 bxa5 36. Ne5 Ke6 37. Nc6 a4 38. Nb4 Nd2 39. Nxd5 Nf3+ 40.
Kc5 Nxh2 41. Nc3 Nf1 42. Ne2 Kf5 43. Kb4 Ke4 44. Kxa4 Kxe3 45. Kb5 Kxe2 46. a4
Nxg3 47. a5 h4 48. a6 h3 49. a7 h2 50. a8=Q h1=Q 51. Qa2+ Ke3 52. Qxf7 Qb1+ 0-1

[Event "4NCL/Div3/LIT1 vs. CAMB2"]
[Site "Hinckley Island ENG"]
[Date "2008.12.06"]
[Round "3.1"]
[White "Byron, Alan M"]
[Black "Beckett, Chris J"]
[Result "1/2-1/2"]
[WhiteElo "2204"]
[BlackElo "2096"]
[PlyCount "56"]
[EventDate "2008.12.06"]
[SourceDate "2008.10.04"]

1. c4 g5 2. Nc3 Bg7 3. d3 h6 4. e4 d6 5. h4 g4 6. g3 c5 7. Be3 Nc6 8. Nge2 Nd4
9. Bxd4 cxd4 10. Nd5 e6 11. Nb4 Qb6 12. Qb3 Ne7 13. Bg2 O-O 14. O-O Bd7 15. Nc2
Qxb3 16. axb3 e5 17. b4 a6 18. Ra3 Rac8 19. Rfa1 Rfd8 20. Ne1 Rc7 21. b3 Kh7
22. Nc2 Kg8 23. Ra5 Nc6 24. R5a2 Ne7 25. Ne1 Kh7 26. Rc2 Nc6 27. Ra4 Ne7 28.
Ra5 Nc6 1/2-1/2

[Event "4NCL/Div3/LIT1 vs. CAMB2"]
[Site "Hinckley Island ENG"]
[Date "2008.12.06"]
[Round "3.2"]
[White "Mycroft, Richard"]
[Black "Sugden, John N"]
[Result "0-1"]
[WhiteElo "2150"]
[BlackElo "2173"]
[PlyCount "120"]
[EventDate "2008.12.06"]
[SourceDate "2008.10.04"]

1. e4 c5 2. a3 e6 3. b4 cxb4 4. axb4 Bxb4 5. Bb2 Nf6 6. e5 Nd5 7. c4 Ne7 8. Na3
d6 9. Nc2 Nbc6 10. Nxb4 Nxb4 11. Qa4+ Nbc6 12. exd6 Qxd6 13. Nf3 O-O 14. Ba3
Qf4 15. d4 Qe4+ 16. Be2 Rd8 17. O-O Qxe2 18. Rfe1 Qd3 19. d5 Bd7 20. Rad1 Qf5
21. Qb3 Ng6 22. Qxb7 Nce5 23. Nxe5 Nxe5 24. Qc7 Nd3 25. Rxd3 Qxd3 26. Be7 Re8
27. Qxd7 exd5 28. cxd5 Rad8 29. Qxd8 Rxd8 30. Bxd8 h6 31. h3 Qxd5 32. Be7 a5
33. Re3 a4 34. Ra3 Qb7 35. Re3 f6 36. Ba3 Qb1+ 37. Kh2 Qc2 38. Kg1 f5 39. f4
Qd2 40. Rf3 Kf7 41. Kh2 Ke6 42. Kg3 Kd5 43. Bf8 Qb2 44. Ba3 Qb8 45. Be7 g5 46.
Ba3 Ke4 47. Bc5 gxf4+ 48. Kh2 Qe5 49. Ba3 Qa1 50. Bd6 Qc1 51. Ba3 Qe3 52. Bf8
h5 53. Bb4 Qxf3 54. gxf3+ Kxf3 55. Bd6 Kf2 56. Bxf4 a3 57. Be5 a2 58. Bd4+ Kf3
59. Kg1 Ke2 60. Kg2 f4 0-1

[Event "4NCL/Div3/LIT1 vs. CAMB2"]
[Site "Hinckley Island ENG"]
[Date "2008.12.06"]
[Round "3.3"]
[White "Mansson, James C"]
[Black "Gooding, Ian"]
[Result "1/2-1/2"]
[WhiteElo "2160"]
[BlackElo "2004"]
[PlyCount "124"]
[EventDate "2008.12.06"]
[SourceDate "2008.10.04"]

1. e4 e6 2. d4 d5 3. Nc3 Bb4 4. e5 c5 5. a3 Bxc3+ 6. bxc3 Ne7 7. Qg4 O-O 8. Bd3
Nbc6 9. Qh5 Ng6 10. Nf3 Qc7 11. O-O c4 12. Bxg6 fxg6 13. Qg4 Bd7 14. h4 Rf5 15.
Ng5 Raf8 16. Qh3 h5 17. a4 Qa5 18. Ba3 Re8 19. Bd6 Nd8 20. Bb4 Qc7 21. Qg3 Nf7
22. Nh3 Qd8 23. Nf4 a5 24. Ba3 Nh8 25. Bd6 Kh7 26. Rfb1 Bc6 27. Rb2 Kh6 28.
Rab1 g5 29. Nh3 gxh4 30. Qe3+ g5 31. Bc5 Qd7 32. g3 hxg3 33. fxg3 Rg8 34. g4
hxg4 35. Nf2 Rf4 36. Qg3 Rg7 37. Nxg4+ Kg6 38. Nf6 Qc8 39. Kg2 Nf7 40. Rh1 Nxe5
41. Rh5 Kxf6 42. dxe5+ Kf7 43. Rxg5 Rxg5 44. Qxg5 Qg8 45. Qxg8+ Kxg8 46. Bd4
Kf7 47. Rb1 Kg6 48. Kg3 Re4 49. Rf1 Bxa4 50. Rf6+ Kg5 51. Rxe6 Bxc2 52. Rb6
Rg4+ 53. Kf2 Rf4+ 54. Kg3 Rf8 55. Rxb7 Ra8 56. Rg7+ Kf5 57. Rf7+ Ke6 58. Rf6+
Ke7 59. Bc5+ Kd7 60. e6+ Kc6 61. e7+ Kd7 62. Rd6+ Ke8 1/2-1/2

[Event "4NCL/Div3/LIT1 vs. CAMB2"]
[Site "Hinckley Island ENG"]
[Date "2008.12.06"]
[Round "3.4"]
[White "Campbell, Mark"]
[Black "Jackson, James P"]
[Result "0-1"]
[WhiteElo "1995"]
[BlackElo "2046"]
[PlyCount "118"]
[EventDate "2008.12.06"]
[SourceDate "2008.10.04"]

1. e4 c5 2. Nf3 Nc6 3. d4 cxd4 4. Nxd4 Nf6 5. Nc3 e5 6. Ndb5 d6 7. Bg5 a6 8.
Na3 b5 9. Nd5 Be7 10. Bxf6 Bxf6 11. Nxf6+ Qxf6 12. c3 O-O 13. Be2 Bb7 14. O-O
Ne7 15. Bf3 Rad8 16. Qe2 Qg6 17. Rad1 f5 18. exf5 Bxf3 19. Qxf3 Rxf5 20. Qb7
Qe6 21. Qxa6 Rg5 22. g3 Rh5 23. Qb6 Rf8 24. f3 Qh3 25. Rd2 Nf5 26. Qf2 Rg5 27.
Qg2 Qxg2+ 28. Rxg2 Ne3 29. Rgf2 Nxf1 30. Kxf1 Rb8 31. Nc2 Rg6 32. Nb4 Kf7 33.
Rd2 Ke6 34. Ke2 Rf6 35. Ke3 Rbf8 36. Rf2 d5 37. Nc2 g5 38. a3 Kd6 39. Ne1 g4
40. f4 exf4+ 41. gxf4 Re6+ 42. Kd2 Re4 43. Nd3 h5 44. Rg2 Rg8 45. f5 Rf8 46.
Rf2 h4 47. f6 g3 48. hxg3 hxg3 49. Rg2 Rg4 50. Ke2 Rxf6 51. Ke3 Re4+ 52. Kd2
Rf3 53. Rg1 d4 54. Rh1 Ree3 55. Rh6+ Ke7 56. Ne1 Rf2+ 57. Kd1 Rf1 58. Rh7+ Kf6
59. Rh6+ Kg5 0-1

[Event "4NCL/Div3/LIT1 vs. CAMB2"]
[Site "Hinckley Island ENG"]
[Date "2008.12.06"]
[Round "3.5"]
[White "Compton, Alistair"]
[Black "Kourtseva, Julie"]
[Result "1-0"]
[WhiteElo "2090"]
[BlackElo "1815"]
[PlyCount "47"]
[EventDate "2008.12.06"]
[SourceDate "2008.10.04"]

1. e4 c5 2. Nc3 Nc6 3. f4 g6 4. Nf3 Bg7 5. Bb5 Nd4 6. Bd3 e6 7. Nxd4 cxd4 8.
Nb5 d6 9. c3 dxc3 10. dxc3 Nf6 11. e5 dxe5 12. fxe5 Nd7 13. Nd6+ Ke7 14. Bg5+
f6 15. exf6+ Nxf6 16. Ne4 h6 17. Bxf6+ Bxf6 18. Nxf6 Kxf6 19. O-O+ Kg7 20. Qf3
Qe7 21. Qg3 g5 22. Qe5+ Kg8 23. Rf6 b6 24. Rg6+ 1-0

[Event "4NCL/Div3/GUI4 vs. BRI2"]
[Site "Hinckley Island ENG"]
[Date "2008.12.06"]
[Round "3.1"]
[White "Richardson, Keith B"]
[Black "Bass, John W"]
[Result "1/2-1/2"]
[WhiteElo "2194"]
[BlackElo "2099"]
[PlyCount "46"]
[EventDate "2008.12.06"]
[SourceDate "2008.10.04"]

1. c4 e6 2. Nf3 d5 3. d4 c5 4. cxd5 exd5 5. Nc3 Nc6 6. g3 Nf6 7. Bg2 Be7 8. O-O
O-O 9. Bg5 cxd4 10. Nxd4 h6 11. Be3 Be6 12. Rc1 Qd7 13. Nxc6 bxc6 14. Na4 Rfe8
15. Qc2 Rac8 16. Nc5 Bxc5 17. Qxc5 Bf5 18. Qxa7 Qxa7 19. Bxa7 Rxe2 20. Bd4 c5
21. Bxf6 gxf6 22. Bxd5 Rxb2 23. a4 Be6 1/2-1/2

[Event "4NCL/Div3/GUI4 vs. BRI2"]
[Site "Hinckley Island ENG"]
[Date "2008.12.06"]
[Round "3.2"]
[White "Littlejohns, David P"]
[Black "Jackson, Adrian"]
[Result "0-1"]
[WhiteElo "2066"]
[BlackElo "2206"]
[PlyCount "56"]
[EventDate "2008.12.06"]
[SourceDate "2008.10.04"]

1. e4 c5 2. Nc3 Nc6 3. g3 g6 4. Bg2 Bg7 5. d3 d6 6. f4 Nf6 7. Nf3 O-O 8. O-O
Rb8 9. a4 a6 10. Kh1 b5 11. axb5 axb5 12. Ne2 b4 13. c3 bxc3 14. bxc3 c4 15.
Qc2 cxd3 16. Qxd3 Bb7 17. Nfd4 Qd7 18. Nxc6 Bxc6 19. Nd4 Ba8 20. Bd2 Rfe8 21.
Nc2 Rec8 22. Rab1 Rxb1 23. Rxb1 Qe6 24. Re1 Qc4 25. Qe3 Ng4 26. Qf3 f5 27. Bf1
Qxe4 28. Rxe4 Bxe4 0-1

[Event "4NCL/Div3/GUI4 vs. BRI2"]
[Site "Hinckley Island ENG"]
[Date "2008.12.06"]
[Round "3.3"]
[White "Adair, James"]
[Black "Collier, David O"]
[Result "1-0"]
[WhiteElo "2072"]
[BlackElo "2089"]
[PlyCount "99"]
[EventDate "2008.12.06"]
[SourceDate "2008.10.04"]

1. e4 c5 2. Nf3 d6 3. d4 cxd4 4. Nxd4 Nf6 5. Nc3 a6 6. Be3 e5 7. Nf3 Qc7 8. a4
Nbd7 9. Qd3 Be7 10. Qc4 Qc6 11. Be2 O-O 12. O-O Nb8 13. Nd2 Be6 14. Qxc6 Nxc6
15. Nc4 Nb4 16. Rac1 Rac8 17. Na5 d5 18. exd5 Nfxd5 19. Nxd5 Nxd5 20. Bd2 Rc7
21. Bf3 b6 22. c4 Nf6 23. Nc6 Bd6 24. c5 Bxc5 25. Nxe5 Bd6 26. Rxc7 Bxc7 27.
Nc6 Re8 28. Bb4 h6 29. Rc1 Bf4 30. Re1 a5 31. Bc3 Bd7 32. Rxe8+ Nxe8 33. Ne7+
Kf8 34. Nd5 Bc7 35. Bd4 Bxa4 36. Nxc7 Nxc7 37. Bxb6 Ne6 38. Bxa5 Nd4 39. Be4
Bb5 40. f3 f5 41. Bb1 f4 42. Bb4+ Kf7 43. Kf2 g5 44. Ba2+ Kg6 45. Bc5 Nc6 46.
Bb1+ Kf7 47. g3 Ne5 48. Bd6 fxg3+ 49. Kxg3 Bd3 50. Bxd3 1-0

[Event "4NCL/Div3/GUI4 vs. BRI2"]
[Site "Hinckley Island ENG"]
[Date "2008.12.06"]
[Round "3.4"]
[White "Humphreys, Jerry"]
[Black "Shepley, Julien M"]
[Result "1/2-1/2"]
[WhiteElo "2067"]
[BlackElo "2115"]
[PlyCount "80"]
[EventDate "2008.12.06"]
[SourceDate "2008.10.04"]

1. c4 Nf6 2. Nc3 e6 3. g3 Be7 4. e4 d6 5. Bg2 c5 6. Nge2 Nbd7 7. d4 cxd4 8.
Nxd4 a6 9. O-O Qc7 10. Qe2 O-O 11. Bd2 Re8 12. Rac1 Nf8 13. f4 e5 14. Nf3 Bg4
15. Nd5 Nxd5 16. cxd5 Qb6+ 17. Be3 Qa5 18. fxe5 Qxa2 19. exd6 Bxd6 20. Qd2 Ng6
21. Nd4 Qa4 22. h3 Bc8 23. b3 Qd7 24. Nf5 Bf8 25. Rc2 Qb5 26. Nd4 Qb4 27. Qxb4
Bxb4 28. Kh2 Bd6 29. Nf5 Bxf5 30. Rxf5 Nh4 31. Rg5 f6 32. Rg4 Nxg2 33. Kxg2 f5
34. Rg5 fxe4 35. Bd4 Re7 36. Bf6 Rf7 37. Be5 Rd8 38. Bxd6 Rxd6 39. Rc8+ Rf8 40.
Rc7 Rf7 1/2-1/2

[Event "4NCL/Div3/GUI4 vs. BRI2"]
[Site "Hinckley Island ENG"]
[Date "2008.12.06"]
[Round "3.5"]
[White "Stimpson, Philip M"]
[Black "Richardt, Mike"]
[Result "1-0"]
[WhiteElo "2079"]
[BlackElo "1951"]
[PlyCount "53"]
[EventDate "2008.12.06"]
[SourceDate "2008.10.04"]

1. e4 e5 2. Nf3 d6 3. d4 exd4 4. Nxd4 Nf6 5. Nc3 Be7 6. Bc4 O-O 7. O-O Re8 8.
Re1 c6 9. a4 Qc7 10. h3 Nbd7 11. Nf5 Bf8 12. Bg5 h6 13. Bh4 g6 14. Ne3 g5 15.
Bg3 Nc5 16. f3 Be6 17. Qd4 Nh5 18. Bh2 Rad8 19. Qxc5 Nf4 20. Qd4 d5 21. exd5
Bxd5 22. Nexd5 cxd5 23. Rxe8 Rxe8 24. Bxf4 Bc5 25. Bxc7 Bxd4+ 26. Kf1 Rc8 27.
Nxd5 1-0

[Event "4NCL/Div3/GUI4 vs. BRI2"]
[Site "Hinckley Island ENG"]
[Date "2008.12.06"]
[Round "3.6"]
[White "Varley, Ed"]
[Black "Higgs, Anthony"]
[Result "0-1"]
[WhiteElo "1910"]
[BlackElo "1995"]
[PlyCount "112"]
[EventDate "2008.12.06"]
[SourceDate "2008.10.04"]

1. d4 d6 2. Nf3 Nf6 3. c4 c6 4. Nc3 Nbd7 5. Bg5 Qc7 6. e4 e5 7. d5 Be7 8. Bd3
h6 9. Bd2 Nf8 10. h3 Bd7 11. O-O g5 12. Nh2 Ng6 13. Re1 Nf4 14. Bf1 Qc8 15.
Bxf4 gxf4 16. dxc6 bxc6 17. Nf3 Qc7 18. Rc1 Rg8 19. Kh2 Rb8 20. b3 Kf8 21. Bd3
Kg7 22. Qd2 Kh7 23. Na4 c5 24. Nc3 a6 25. Bb1 Rg7 26. Rg1 Rbg8 27. Nd5 Nxd5 28.
exd5+ f5 29. Qe2 Bf6 30. Ne1 Bc8 31. f3 Bh4 32. Nd3 Qe7 33. a3 Bg3+ 34. Kh1 Kh8
35. Nb2 Qh4 36. Rc2 e4 37. b4 cxb4 38. axb4 Re7 39. c5 exf3 40. Qxf3 Re3 41.
Qf1 Rge8 42. Nd3 f3 43. cxd6 f4 44. Rxc8 Rxc8 45. gxf3 Rc3 46. d7 Qe7 47. Nxf4
Bxf4 48. Qg2 Bg5 49. Be4 Qxd7 50. h4 Rxe4 51. Ra1 Rxh4+ 52. Kg1 Qxd5 53. Qe2
Qd4+ 54. Kg2 Re3 55. Qxa6 Qd2+ 56. Kg1 Re1+ 0-1

[Event "4NCL/Div3/HACK vs. AMCAD"]
[Site "Hinckley Island ENG"]
[Date "2008.12.06"]
[Round "3.1"]
[White "Chin, Francis"]
[Black "Webb, Richard M"]
[Result "0-1"]
[WhiteElo "2261"]
[BlackElo "2259"]
[PlyCount "34"]
[EventDate "2008.12.06"]
[SourceDate "2008.10.04"]

1. d4 Nf6 2. Nf3 g6 3. g3 Bg7 4. Bg2 O-O 5. O-O d5 6. c4 dxc4 7. Ne5 c5 8. dxc5
Qc7 9. Nxc4 Qxc5 10. Nbd2 Nc6 11. b3 Qh5 12. Bb2 Bh3 13. e3 Ng4 14. Bxg7 Bxg2
15. Kxg2 Qxh2+ 16. Kf3 Kxg7 17. Kxg4 Qh5+ 0-1

[Event "4NCL/Div3/HACK vs. AMCAD"]
[Site "Hinckley Island ENG"]
[Date "2008.12.06"]
[Round "3.2"]
[White "Purdon, Colin"]
[Black "Reid, John"]
[Result "1-0"]
[WhiteElo "2082"]
[BlackElo "2230"]
[PlyCount "77"]
[EventDate "2008.12.06"]
[SourceDate "2008.10.04"]

1. d4 Nf6 2. c4 g6 3. Nc3 Bg7 4. e4 O-O 5. Nf3 d6 6. Be2 e5 7. d5 a5 8. h3 Na6
9. Bg5 Qe8 10. g4 Bd7 11. Nd2 c6 12. h4 Nc7 13. h5 cxd5 14. cxd5 b5 15. h6 Bh8
16. a4 b4 17. Ncb1 Na6 18. f3 Nc5 19. b3 Nxd5 20. exd5 e4 21. Ra2 exf3 22. Nxf3
Ne4 23. Bf4 Bxg4 24. Nd4 Bd7 25. O-O Be5 26. Bb5 Bxb5 27. Nxb5 Bxf4 28. Rxf4
Qe5 29. Qd4 Rae8 30. Qxe5 Rxe5 31. Nd2 Nc3 32. Nxc3 bxc3 33. Ne4 f5 34. Nxc3 g5
35. Rg2 g4 36. Rgf2 Rf6 37. Rxg4+ Rg6 38. Rxg6+ hxg6 39. Re2 1-0

[Event "4NCL/Div3/HACK vs. AMCAD"]
[Site "Hinckley Island ENG"]
[Date "2008.12.06"]
[Round "3.3"]
[White "Ociepka, Adrian"]
[Black "Duvall, Ian"]
[Result "1/2-1/2"]
[WhiteElo "2115"]
[BlackElo "2067"]
[PlyCount "105"]
[EventDate "2008.12.06"]
[SourceDate "2008.10.04"]

1. e4 c5 2. Nf3 d6 3. d4 cxd4 4. Nxd4 Nf6 5. Nc3 g6 6. Be3 Bg7 7. f3 Nc6 8. Qd2
Bd7 9. Bc4 O-O 10. O-O-O Rb8 11. h4 b5 12. Be2 Ne5 13. Bh6 Nc4 14. Bxc4 bxc4
15. h5 Qb6 16. b3 cxb3 17. axb3 Qa5 18. Kb2 Bxh6 19. Qxh6 Rfc8 20. Rd3 Rxc3 21.
Rxc3 Nxh5 22. Qd2 Qb6 23. Nf5 Bxf5 24. exf5 Ng3 25. Rh4 Nxf5 26. Rhc4 e5 27.
Rc6 Qb4 28. Rc7 a5 29. Qd5 Rf8 30. g4 Qd4 31. Qxd4 Nxd4 32. Rd7 h5 33. Rd3 h4
34. Rxd6 h3 35. f4 h2 36. Rh3 Nf3 37. fxe5 Kg7 38. Rd1 Nxe5 39. Rxh2 Nxg4 40.
Re2 f5 41. Re6 f4 42. Rg1 Rf6 43. Re7+ Kf8 44. Rd7 Ne3 45. Rh1 Kg8 46. Rhh7 f3
47. Rdg7+ Kf8 48. Ra7 Kg8 49. Rhg7+ Kf8 50. Rh7 Kg8 51. Rhg7+ Kf8 52. Rgb7 Kg8
53. Rg7+ 1/2-1/2

[Event "4NCL/Div3/HACK vs. AMCAD"]
[Site "Hinckley Island ENG"]
[Date "2008.12.06"]
[Round "3.4"]
[White "McLaughlin, Noel"]
[Black "Lee, Martin"]
[Result "1-0"]
[WhiteElo "2025"]
[BlackElo "2050"]
[PlyCount "59"]
[EventDate "2008.12.06"]
[SourceDate "2008.10.04"]

1. Nf3 Nf6 2. c4 g6 3. b4 Bg7 4. Bb2 O-O 5. g3 b6 6. Bg2 Bb7 7. O-O c5 8. a3
Qc7 9. d3 d6 10. Nc3 Nbd7 11. e4 e6 12. Qd2 Rad8 13. Nh4 a6 14. f4 Ng4 15. Nd1
f5 16. Bxg7 Kxg7 17. h3 Ngf6 18. exf5 exf5 19. Ne3 Rfe8 20. Rae1 Nf8 21. Bxb7
Qxb7 22. Qb2 Re6 23. Nd5 Qf7 24. g4 fxg4 25. hxg4 Rde8 26. Rxe6 Qxe6 27. g5
Qg4+ 28. Ng2 Re2 29. Qxf6+ Kg8 30. Ne7+ 1-0

[Event "4NCL/Div3/HACK vs. AMCAD"]
[Site "Hinckley Island ENG"]
[Date "2008.12.06"]
[Round "3.5"]
[White "Shaw, Dashiell L"]
[Black "Tart, Peter K"]
[Result "1-0"]
[WhiteElo "1940"]
[BlackElo "2005"]
[PlyCount "101"]
[EventDate "2008.12.06"]
[SourceDate "2008.10.04"]

1. e4 e5 2. Nf3 d5 3. Nxe5 Bd6 4. d4 dxe4 5. Bf4 Nf6 6. Bc4 O-O 7. O-O Bf5 8.
c3 Nbd7 9. Qb3 Bxe5 10. Bxe5 Nxe5 11. dxe5 Ng4 12. e6 Qh4 13. exf7+ Kh8 14. h3
Ne5 15. Be6 Bxh3 16. Bxh3 Nf3+ 17. Kh1 Rad8 18. Qe6 Ng5 19. Qg4 Qh6 20. Na3 Rd3
21. Kh2 Rfd8 22. Nc4 Nxf7 23. Ne3 Qd6+ 24. Kg1 Qb6 25. Qe6 Nd6 26. Qb3 Qc5 27.
Rad1 Rxe3 28. fxe3 Qxe3+ 29. Kh1 Qg5 30. Qd5 Qh4 31. Qd2 Re8 32. Qf4 Qe7 33.
Rde1 h6 34. b3 e3 35. Re2 Ne4 36. Rxe3 Nf2+ 37. Rxf2 Qxe3 38. Qxe3 Rxe3 39. c4
g5 40. Rd2 h5 41. Rd5 Rg3 42. Kh2 h4 43. Rd4 Kg7 44. Rg4 Rxg4 45. Bxg4 Kf6 46.
Bc8 b6 47. Kh3 c5 48. Kg4 Kg6 49. Bf5+ Kf6 50. Bb1 a6 51. a4 1-0

[Event "4NCL/Div3/HACK vs. AMCAD"]
[Site "Hinckley Island ENG"]
[Date "2008.12.06"]
[Round "3.6"]
[White "Tunstall, George"]
[Black "Mata, Andrew B"]
[Result "1/2-1/2"]
[WhiteElo "2017"]
[BlackElo "1960"]
[PlyCount "55"]
[EventDate "2008.12.06"]
[SourceDate "2008.10.04"]

1. d4 Nf6 2. c4 e6 3. Nc3 Bb4 4. Qc2 d5 5. Bg5 h6 6. Bh4 g5 7. Bg3 Ne4 8. e3
Bxc3+ 9. bxc3 Nxg3 10. hxg3 Nd7 11. cxd5 exd5 12. Bd3 Qe7 13. Nf3 g4 14. Nh4
Nf6 15. Nf5 Bxf5 16. Bxf5 h5 17. O-O-O Rg8 18. Rde1 Kf8 19. Re2 Rg5 20. Bd3
Qa3+ 21. Qb2 Qxb2+ 22. Rxb2 b6 23. Kd2 Ne4+ 24. Bxe4 dxe4 25. Rhb1 c6 26. c4
Rd8 27. Kc3 Ke7 28. a4 1/2-1/2

[Event "4NCL/Div3/PPA2 vs. ICENI"]
[Site "Hinckley Island ENG"]
[Date "2008.12.06"]
[Round "3.1"]
[White "Rosen, Daniel B"]
[Black "Reynolds, D Ian"]
[Result "1-0"]
[WhiteElo "2150"]
[BlackElo "2111"]
[PlyCount "81"]
[EventDate "2008.12.06"]
[SourceDate "2008.10.04"]

1. e4 e5 2. Nf3 Nc6 3. Bb5 f5 4. d3 fxe4 5. dxe4 Nf6 6. O-O Bc5 7. Bg5 d6 8.
Nc3 Bg4 9. Be2 Qd7 10. Bxf6 gxf6 11. Nh4 Bxe2 12. Qxe2 O-O-O 13. Nf5 Nd4 14.
Nxd4 Bxd4 15. Nb5 Bb6 16. a4 a6 17. Nc3 c6 18. b4 Rdg8 19. Kh1 Qg7 20. f4 Bd4
21. Ra3 Qg4 22. Rf3 Rg7 23. Rg3 Qxf4 24. Rxg7 Qc1+ 25. Nd1 Qxa3 26. c3 Bxc3 27.
Qg4+ Kb8 28. Qd7 Qxb4 29. Nxc3 Ka8 30. h3 Rb8 31. Rg3 h5 32. Rd3 Rg8 33. Qf7
Rd8 34. Qxf6 Qa5 35. Qg5 Rh8 36. Qg6 d5 37. exd5 cxd5 38. Nxd5 Qe1+ 39. Kh2 Qe2
40. Re3 Qb2 41. Qe6 1-0

[Event "4NCL/Div3/PPA2 vs. ICENI"]
[Site "Hinckley Island ENG"]
[Date "2008.12.06"]
[Round "3.2"]
[White "Lunn, Timothy"]
[Black "Winfridsson, Ola"]
[Result "0-1"]
[WhiteElo "2066"]
[BlackElo "2133"]
[PlyCount "80"]
[EventDate "2008.12.06"]
[SourceDate "2008.10.04"]

1. Nf3 d5 2. d4 Nf6 3. c4 dxc4 4. e3 g6 5. Bxc4 Bg7 6. O-O O-O 7. Nc3 Nfd7 8.
e4 Nb6 9. Be2 Bg4 10. Be3 Nc6 11. d5 Bxf3 12. gxf3 Ne5 13. Qb3 Qd7 14. f4 Ng4
15. a4 Nxe3 16. fxe3 a5 17. Nb5 Rac8 18. Rfd1 Qh3 19. Ra3 g5 20. Nd4 gxf4 21.
exf4 Qxb3 22. Rxb3 Nxa4 23. Rxb7 Nc5 24. Rb5 Nxe4 25. Rxa5 Ra8 26. Rxa8 Rxa8
27. Nf5 Bf6 28. Rc1 Nd6 29. Nxd6 cxd6 30. b4 Ra2 31. Kf1 Rb2 32. b5 Bd4 33. h3
Kg7 34. Rc4 Bc5 35. Re4 Kf6 36. h4 Rd2 37. Ra4 Rxd5 38. Ra6 Rd4 39. Ra2 Rxf4+
40. Kg2 Rxh4 0-1